| 000 | 00723nam a22001817a 4500 | ||
|---|---|---|---|
| 999 |
_c57228 _d57228 |
||
| 005 | 20200123164848.0 | ||
| 008 | 200123c2020 ||||| |||| 00| 0 geo d | ||
| 041 | _ageo | ||
| 245 |
_aგადასახადები და აღრიცხვა : _c 2020 / მთ.რედ. კოტე უბირია. |
||
| 260 |
_aთბილისი, _c2020. |
||
| 300 | _av. | ||
| 653 | _aგადასახადები და აღრიცხვა | ||
| 653 | _aეკონომიკა | ||
| 653 | _a ბუღალტერია | ||
| 653 | _a პერიოდიკა | ||
| 700 |
_aუბირია, კოტე _eმთავარი რედაქტორი _96341 |
||
| 942 |
_2udc _cCR |
||